000 00238 a2200097 4500
001 59647
100 _a
245 _aResearch Methodology; Techniques and Trends (V-1)
260 _aNew Delhi
_bAPH Publishing
_c2009
090 _c36521
_d36521
942 _aNUST-CAE
_c
_c29471
999 _c294720
_d294720